Pasivní domy 2008
Salvato in:
| Natura: | Libro |
|---|---|
| Lingua: | ceco tedesco |
| Pubblicazione: |
Brno :
Centrum pasivního domu,
2008
|
| Edizione: | 1. vyd. |
| Soggetti: | |
| Tags: |
Nessun Tag, puoi essere il primo ad aggiungerne!!
|
MARC
| LEADER | 00000nam a22000003a 4500 | ||
|---|---|---|---|
| 001 | stu181403 | ||
| 005 | 20150408174817.8 | ||
| 008 | 090312s2008----xr------------------cze-d | ||
| 040 | |a STU |b slo | ||
| 041 | 0 | |a cze |a ger | |
| 044 | |a xr | ||
| 080 | |a 620.92 | ||
| 080 | |a 64.066.22 | ||
| 245 | |a Pasivní domy 2008 | ||
| 250 | |a 1. vyd. | ||
| 260 | |a Brno : |b Centrum pasivního domu, |c 2008 | ||
| 300 | |a 388 s | ||
| 650 | 7 | |a využitie prírodných zdrojov energie |2 stusub | |
| 650 | 7 | |a spotreba energie |2 stusub | |
| 996 | |b 284M070002 |c M*Z-3397 |l MMKN |s A |a 24 |w stu181403_0001 | ||